000 00347nam a2200145Ia 4500
003 OSt
005 20240229160423.0
008 170524s9999 xx 000 0 und d
020 _a978-8189161293
040 _ciimtu meerut
100 _aBURGHATE M A
245 0 _aADVERTISING AGENCIES IN INDIA
260 _bADHYAYAN : NEW DELHI
942 _2ddc
_c02
999 _c9136
_d9136